The Trespasser (Record no. 211671)
[ view plain ]
| 000 -LEADER | |
|---|---|
| fixed length control field | 00567nam a22001935 4500 |
| 001 - CONTROL NUMBER | |
| control field | BK0018513832 |
| 005 - DATE AND TIME OF LATEST TRANSACTION | |
| control field | 20160722094624.0 |
| 008 - FIXED-LENGTH DATA ELEMENTS--GENERAL INFORMATION | |
| fixed length control field | 160718 eng |
| 020 ## - INTERNATIONAL STANDARD BOOK NUMBER | |
| International Standard Book Number | 9780670026333 : HRD |
| Terms of availability | 27.00 |
| 020 ## - INTERNATIONAL STANDARD BOOK NUMBER | |
| International Standard Book Number | 0670026336 : HRD |
| Terms of availability | 27.00 |
| 037 ## - SOURCE OF ACQUISITION | |
| Source of stock number/acquisition | Penguin Group USA, Attn: Order Processing 405 Murray Hill Pkwy, East Rutherford, NJ, USA, 07073-2136 |
| Note | SAN 201-3975 |
| 050 ## - LIBRARY OF CONGRESS CALL NUMBER | |
| Classification number | PS |
| 082 ## - DEWEY DECIMAL CLASSIFICATION NUMBER | |
| Classification number | 813 |
| 092 ## - LOCALLY ASSIGNED DEWEY CALL NUMBER (OCLC) | |
| Classification number | 813.0000 |
| 100 ## - MAIN ENTRY--PERSONAL NAME | |
| Personal name | French, Tana |
| 245 04 - TITLE STATEMENT | |
| Title | The Trespasser |
| 260 ## - PUBLICATION, DISTRIBUTION, ETC. (IMPRINT) | |
| Name of publisher, distributor, etc | Penguin Group USA |
| Date of publication, distribution, etc | 2016 |
| 300 ## - PHYSICAL DESCRIPTION | |
| Extent | 464 p. ; |
| Withdrawn status | Lost status | Source of classification or shelving scheme | Damaged status | Not for loan | Collection code | Home library | Current library | Shelving location | Date acquired | Source of acquisition | Cost, normal purchase price | Total Checkouts | Total Renewals | Full call number | Barcode | Date last seen | Date checked out | Cost, replacement price | Price effective from | Koha item type |
|---|---|---|---|---|---|---|---|---|---|---|---|---|---|---|---|---|---|---|---|---|
| Dewey Decimal Classification | Fiction | Wasatch County Library | Wasatch County Library | First Floor | 06/30/2017 | Amazon | 27.00 | 10 | 2 | F French | 34301001496845 | 08/12/2025 | 07/25/2025 | 27.00 | 03/20/2020 | BOOK |
